000 01369cam a2200409 4500
999 _c103173
_d103173
008 031103n2003 000 0 eng u
020 _a0582437199
035 _a(Sirsi) u124214
041 _aeng
050 _a346.41078
100 _aKeay, Andrew
245 _aInsolvency law
_bcorporate and personal
260 _aHarlow
_bPearson
_c2003
300 _axcv, 596p.
_c24cm.
350 _a29.99
505 _aPart 1: Introduction
505 _aPart 2: Non-terminal insolvency
505 _aPart 3: Provisional liquidation
505 _aPart 4: Winding up
505 _aPart 5: Bankruptcy
505 _aPart 6: Administration of insolvent estates
505 _aPart 7: Creditors
505 _aPart 8: Swelling the asset pool
505 _aPart 9: Misconduct
520 _aWritten for both students and practitioners, this textbook clearly sets out the essential principles and issues in insolvency law, including the changes introduced by the Enterprise Act 2002. Tables of cases, statutes, statutory instruments and international legislation.
650 _aENTERPRISE ACT 2002
650 _aInsolvency
_96247
650 _aLIQUIDATION
650 _aCREDITORS
650 _aMISCONDUCT
650 _aBANKRUPTCY
650 _aWINDING UP
650 _aADMINISTRATION
690 _aLAW
700 _aWalton, Peter
942 _n0
_2ddc